000 00610nam a22001817a 4500
005 20150206102940.0
008 150129b mx||||| |||| 00| 0 spa d
020 _a9786070912313
050 0 4 _aKGF1149
_bG89 2012
100 1 _aGuzmán Holguín, Rogelio
245 1 0 _aDerecho bancario y operaciones de crédito /
_cRogelio Guzmán Holguín.
250 _a4a ed. act.
260 _aMéxico :
_bPorrúa : Instituto Internacional del Derecho y del Estado,
_c2012
300 _axxxiv, 460 p. ;
_c23 cm.
504 _aBibliografía : p. 451 - 460
650 7 _2Lemb
_aDerecho bancario
_zMéxico
942 _2lcc
_cLIB
999 _c87907
_d87907